| 000 | 00510nam a2200169 i 4500 | ||
|---|---|---|---|
| 001 | 145955 | ||
| 003 | ES-MaACL | ||
| 005 | 20230906201352.0 | ||
| 007 | t| | ||
| 008 | 071018s1971 sp ||||1| spa d | ||
| 100 | 1 |
_aVerdejo Vivas, Guillermo. _9114020 |
|
| 245 | 1 | 0 |
_aMarihuana / _cG. Verdejo Vivas. |
| 260 |
_a[Almería : _bHermandad Farmacéutica Almeriense, _c1971] |
||
| 300 |
_a111 p. : _bil. ; _c21 cm. |
||
| 710 | 2 |
_aHermandad Farmacéutica Almeriense. _94568 |
|
| 852 |
_aES-MaACL _jC-41492 _bR.76770 |
||
| 999 |
_c145955 _d145955 |
||